First Word of Every Doctor Who Story - Statistics

General Stats
  • This quiz has been taken 74 times
  • The average score is 232 of 336
Answer Stats
Doctor Story/Episode % Correct
A Christmas Carol
95%
A Good Man Goes to War
95%
A Town Called Mercy
95%
The Keys of Marinus
95%
The Myth Makers
95%
The Abominable Snowmen
95%
The Age of Steel
95%
The Almost People
95%
The Ambassadors of Death
95%
The Android Invasion
95%
The Androids of Tara
95%
The Angels Take Manhattan
95%
The Ark
95%
The Ark in Space
95%
The Armageddon Factor
95%
The Awakening
95%
The Aztecs
95%
The Battle of Ranskoor av Kolos
95%
The Beast Below
95%
The Bells of Saint John
95%
The Big Bang
95%
The Brain of Morbius
95%
The Caretaker
95%
The Caves of Androzani
95%
The Celestial Toymaker
95%
The Chase
95%
David Tennant The Christmas Invasion
95%
The Claws of Axos
95%
The Creature from the Pit
95%
The Crimson Horror
95%
The Crusade
95%
The Curse of Fenric
95%
The Curse of Peladon
95%
The Curse of the Black Spot
95%
The Daemons
95%
The Dalek Invasion of Earth
95%
The Daleks
95%
The Daleks' Master Plan
95%
The Day of the Doctor
95%
The Deadly Assassin
95%
The Doctor Dances
95%
The Doctor Falls
95%
The Doctor's Daughter
95%
The Doctor's Wife
95%
The Doctor, the Widow and the Wardrobe
95%
The Dominators
95%
The Eaters of Light
95%
The Edge of Destruction
95%
Matt Smith The Eleventh Hour
95%
The Empty Child
95%
The End of the World
95%
The End of Time
95%
The Enemy of the World
95%
The Evil of the Daleks
95%
The Faceless Ones
95%
The Face of Evil
95%
The Family of Blood
95%
The Fires of Pompeii
95%
The Five Doctors
95%
The Ghost Monument
95%
The Giggle
95%
The Girl in the Fireplace
95%
The Girl Who Died
95%
The Girl Who Waited
95%
The God Complex
95%
The Greatest Show in the Galaxy
95%
The Green Death
95%
The Gunfighters
95%
The Halloween Apocalypse
95%
The Hand of Fear
95%
The Happiness Patrol
95%
The Haunting of Villa Diodati
95%
The Highlanders
95%
The Horns of Nimon
95%
The Hungry Earth
95%
The Husbands of River Song
95%
The Ice Warriors
95%
The Idiot's Lantern
95%
The Impossible Astronaut
95%
The Impossible Planet
95%
The Invasion
95%
The Invasion of Time
95%
The Invisible Enemy
95%
The Keeper of Traken
95%
The King's Demons
95%
The Krotons
95%
The Lazarus Experiment
95%
The Leisure Hive
95%
The Lie of the Land
95%
The Lodger
95%
The Long Game
95%
The Macra Terror
95%
The Magician's Apprentice
95%
The Mark of the Rani
95%
The Masque of Mandragora
95%
The Massacre
95%
The Mind of Evil
95%
The Mind Robber
95%
The Monster of Peladon
95%
The Moonbase
95%
The Mutants
95%
The Mysterious Planet
95%
The Name of the Doctor
95%
The Next Doctor
95%
The Pandorica Opens
95%
The Parting of the Ways
95%
The Pilot
95%
The Pirate Planet
95%
The Poison Sky
95%
The Power of Kroll
95%
Patrick Troughton The Power of the Daleks
95%
The Power of the Doctor
95%
The Power of Three
95%
The Pyramid at the End of the World
95%
The Rebel Flesh
95%
The Reign of Terror
95%
The Rescue
95%
The Return of Doctor Mysterio
95%
The Ribos Operation
95%
The Rings of Akhaten
95%
The Robots of Death
95%
The Romans
95%
The Runaway Bride
95%
The Satan Pit
95%
The Savages
95%
The Sea Devils
95%
The Seeds of Death
95%
The Seeds of Doom
95%
The Sensorites
95%
The Shakespeare Code
95%
The Smugglers
95%
The Snowmen
95%
The Sontaran Experiment
95%
The Sontaran Stratagem
95%
The Sound of Drums
95%
The Space Museum
95%
The Space Pirates
95%
David Tennant (14) The Star Beast
95%
The Stolen Earth
95%
The Stones of Blood
95%
The Sun Makers
95%
The Talons of Weng-Chiang
95%
The Tenth Planet
95%
The Three Doctors
95%
The Timeless Children
95%
The Time Meddler
95%
The Time Monster
95%
The Time of Angels
95%
The Time of the Doctor
95%
The Time Warrior
95%
The Tomb of the Cybermen
95%
The Tsuranga Conundrum
95%
Colin Baker The Twin Dilemma
95%
The Two Doctors
95%
The Ultimate Foe
95%
The Underwater Menace
95%
The Unicorn and the Wasp
95%
The Unquiet Dead
95%
The Vampires of Venice
95%
The Vanquishers
95%
The Visitation
95%
The War Games
95%
The War Machines
95%
The Waters of Mars
95%
The Web of Fear
95%
The Web Planet
95%
The Wedding of River Song
95%
The Wheel in Space
95%
The Witchfinders
95%
The Witch's Familiar
95%
Jodie Whittaker The Woman Who Fell to Earth
95%
The Woman Who Lived
95%
The Zygon Invasion
95%
The Zygon Inversion
95%
William Hartnell An Unearthly Child
89%
Paul McGann Doctor Who
87%
Doctor Who and the Silurians
87%
In the Forest of the Night
84%
Day of the Daleks
76%
Dalek
74%
Sylvester McCoy Time and the Rani
74%
Time-Flight
74%
Time Heist
74%
Death in Heaven
71%
Death to the Daleks
71%
Night Terrors
71%
Christopher Eccleston Rose
71%
Four to Doomsday
66%
Planet of Evil
66%
Planet of Fire
66%
Planet of Giants
66%
Planet of the Daleks
66%
Planet of the Dead
66%
Planet of the Ood
66%
Planet of the Spiders
66%
Aliens of London
63%
Day of the Moon
63%
Invasion of the Dinosaurs
61%
Nightmare in Silver
61%
Nightmare of Eden
61%
Tom Baker Robot
61%
Robot of Sherwood
61%
World Enough and Time
61%
World War Three
61%
Boom Town
58%
Marco Polo
58%
Love & Monsters
55%
New Earth
55%
Bad Wolf
53%
Blink
53%
Father's Day
53%
Genesis of the Daleks
50%
Revenge of the Cybermen
50%
Jon Pertwee Spearhead from Space
50%
Tooth and Claw
50%
Under the Lake
50%
War of the Sontarans
50%
Black Orchid
47%
Daleks in Manhattan
47%
Doomsday
47%
Earthshock
47%
Hell Bent
47%
Inferno
47%
Kinda
47%
Terror of the Autons
47%
Terror of the Vervoids
47%
Terror of the Zygons
47%
Peter Davison Castrovalva
45%
Fear Her
45%
Fury from the Deep
45%
Galaxy 4
45%
Hide
45%
Meglos
45%
Mission to the Unknown
45%
Smith and Jones
45%
Survival
45%
42
42%
Amy's Choice
42%
Arc of Infinity
42%
Army of Ghosts
42%
Heaven Sent
42%
Into the Dalek
42%
Resurrection of the Daleks
42%
Revelation of the Daleks
42%
School Reunion
42%
Asylum of the Daleks
39%
Attack of the Cybermen
39%
Carnival of Monsters
39%
City of Death
39%
Peter Capaldi Deep Breath
39%
Evolution of the Daleks
39%
Gridlock
39%
Horror of Fang Rock
39%
Journey to the Centre of the TARDIS
39%
Let's Kill Hitler
39%
Logopolis
39%
Midnight
39%
Rise of the Cybermen
39%
Rosa
39%
Shada
39%
Snakedance
39%
Cold Blood
37%
Cold War
37%
Dark Water
37%
Destiny of the Daleks
37%
Enlightenment
37%
Human Nature
37%
Last of the Time Lords
37%
Listen
37%
Pyramids of Mars
37%
Remembrance of the Daleks
37%
Vengeance on Varos
37%
Colony in Space
34%
Face the Raven
34%
Frontier in Space
34%
Full Circle
34%
Image of the Fendahl
34%
It Takes You Away
34%
Last Christmas
34%
Mindwarp
34%
Paradise Towers
34%
Silence in the Library
34%
State of Decay
34%
Thin Ice
34%
Underworld
34%
Utopia
34%
Vincent and the Doctor
34%
Voyage of the Damned
34%
Warrior's Gate
34%
Warriors of the Deep
34%
Battlefield
32%
Dinosaurs on a Spaceship
32%
Frontios
32%
Dragonfire
32%
Flesh and Stone
32%
Forest of the Dead
32%
Mawdryn Undead
32%
Silver Nemesis
32%
Terminus
32%
Timelash
32%
Turn Left
32%
Flatline
29%
Kill the Moon
29%
Knock Knock
29%
Oxygen
29%
Partners in Crime
29%
Victory of the Daleks
29%
Before the Flood
26%
Closing Time
26%
Delta and the Bannermen
26%
Ghost Light
26%
Journey's End
26%
Mummy on the Orient Express
26%
Sleep No More
26%
Eve of the Daleks
24%
Revolution of the Daleks
24%
Smile
24%
Kerblam!
21%
Once, Upon Time
21%
Twice Upon a Time
21%
Demons of the Punjab
18%
Extremis
18%
Legend of the Sea Devils
16%
Resolution
16%
Arachnids in the UK
13%
Ascension of the Cybermen
13%
Empress of Mars
13%
Praxeus
13%
Can You Hear Me?
8%
Fugitive of the Judoon
8%
Orphan 55
8%
Nikola Tesla's Night of Terror
5%
Spyfall
5%
Survivors of the Flux
5%
Wild Blue Yonder
5%
Village of the Angels
3%
No matching quizzes found
Score Distribution
Percent of People with Each Score
Percentile by Number Answered
Your Score History
You have not taken this quiz